000 00278nam a22001337a 4500
008 170213b xxu||||| |||| 00| 0 eng d
020 _a0394510151
041 _aeng
080 _a61
100 _a4
101 _aSHM
245 _aFAMILY MEDICAL GUIDE
_cKUNZ
942 _2udc
_cBK
999 _c5310
_d5310